01285nac a22003617a 4500001001000000003000900010005001700019008003400036040005400070072001300124090001900137100001800156100001900174100001800193100002100211100001900232100001600251110005400267245010900321260003900430300000900469490008500478500001100563650002000574650001600594650002600610650003100636650002700667909004700694942001700741999001900758952014600777BR0803112BR-BrBNA20240105123538.0230509b bl.|||m| |||| 00| 0 por d aBR-BrBNAbporcBiblioteca Nacional de Agricultura aL01; N10 a6100 BR08031121 aAbreu, V.M.N.1 aAbreu, P.G. de1 aSchmidt, G.S.1 aJaenisch, F.R.F.1 aPaiva, D.P. de1 aLudke, J.V.1 aEMBRAPA Suínos e Aves, Concórdia, SC (Brasil)1 aDesempenho produtivo e relação custo x benefício da utilização de forro na criação de aves3 aConcórdia, SC (Brasil): c2005.  a4 p. aComunicado Técnico - EMBRAPA Suínos e Aves (Brazil)vno. 413xISSN 0100-8862 a7 ref. aFRANGO DE CORTE aPERFORMANCE aCUSTO DE PRODUÇÃO aINSTALAÇÃO PARA ANIMAL aCONDIÇÃO AMBIENTAL a202312bLúcia Elandec55dLúcia Elande 2AGRISn0cMS c295935d295935 002AGRIS40708Acervo Gerala41918b41918cAGROBASEl0o6100 BR0803112p6100 BR0803112r2023-12-18yMSePortaria Interministerial nº 164/94